[Event "Barbera del Valles op 35th"]
[Site "Barbera del Valles"]
[Date "2012.07.12"]
[Round "9"]
[White "Miller, Jake"]
[Black "Arjun, Bharat"]
[Result "1/2-1/2"]
[WhiteElo "2060"]
[BlackElo "2250"]
[PlyCount "40"]
[EventDate "2012.07.04"]
[EventType "swiss"]
[EventRounds "9"]
[EventCountry "ESP"]
[SourceTitle "CBM 149 Extra"]
[Source "ChessBase"]
[SourceDate "2012.08.24"]
[SourceVersion "1"]
[SourceVersionDate "2012.08.24"]
[SourceQuality "1"]

1. e4 c5 2. Nf3 d6 3. d4 cxd4 4. Qxd4 Nc6 5. Bb5 Bd7 6. Bxc6 Bxc6 7. Nc3 Nf6 8. Bg5 e6 9. 0-0-0 Be7 10. Bf4 0-0 11. Bxd6 Qxd6 12. Qxd6 Bxd6 13. Rxd6 Bxe4 14. Nxe4 Nxe4 15. Rd7 b6 16. Rf1 Rfd8 17. Rfd1 Rxd7 18. Rxd7 Nxf2 19. Ng5 Ng4 20. Rxf7 e5 1/2-1/2